| 000 | 00894nam a2200241Ia 4500 | ||
|---|---|---|---|
| 003 | GCL | ||
| 008 | 140319s9999 xx 000 0 ara d | ||
| 040 |
_aGCL / _cGCL |
||
| 082 | 0 | 4 |
_a252.5 _bا م |
| 100 | 1 | _aابراهيم رفعت باشا | |
| 245 | 1 | 0 |
_aمراة الحرمين او الرحلات الحجازية والحج ومشاعره الدينية محلاة بمئات الصور الشمسية / _cابراهيم رفعت باشا |
| 260 |
_a[S.N] : _bلجنة الاعلام والدراسات المستقبلية |
||
| 300 | _aمتعدد | ||
| 490 | _a | ||
| 650 | 0 | 4 | _aالحج |
| 650 | 0 | 4 | _aالكعبة |
| 650 | 0 | 4 | _aمناسك الحج |
| 650 | 0 | 4 | _aطواف الوداع |
| 650 | 0 | 4 | _aالطواف بالكعبة |
| 650 | 0 | 4 | _aالخروج الى منى والوقوف بعرفة |
| 650 | 0 | 4 | _aالسعى بين الصفا والمروة |
| 942 |
_2ddc _cBK |
||
| 999 |
_c55948 _d55948 |
||